000 00559nam a22001817a 4500
005 20231116062241.0
008 231116b |||||||| |||| 00| 0 eng d
020 _a0409012823
041 _aEnglish
082 _a344.1 DUT
100 _aDu Toit, D et al.
_lEnglish
245 _aLabour Relations Law :
_bA Comprehensive Guide,
_cD Du Toit
250 _aThird
260 _aDurban :
_bButterworth Publishers (Pty) Ltd,
_c1999
300 _bxxviii, 712 pages ;
_c25 cm.
650 _aLegal practice
_bLaw
942 _cBK
_6ALISON_BN_VRIES
999 _c698
_d698